书目信息 |
| 题名: |
地球化学
|
|
| 作者: | 张宏飞 著 | |
| 分册: | ||
| 出版信息: | 北京 地质出版社 2012 |
|
| 页数: | 410页 | |
| 开本: | 26cm | |
| 丛书名: | ||
| 单 册: | ||
| 中图分类: | P59 | |
| 科图分类: | ||
| 主题词: | 地球化学--di qiu hua xue--高等学校--教材 | |
| 电子资源: | ||
| ISBN: | 978-7-116-07710-2 | |
| 000 | 00627nam0 2200229 450 | |
| 001 | 012001002772 | |
| 005 | 20131015153556.0 | |
| 010 | @a978-7-116-07710-2@dCNY39.00 | |
| 099 | @aCAL 012013047018 | |
| 100 | @a20130327d2012 ekmy0chiy0121 ea | |
| 101 | 0 | @achi |
| 102 | @aCN@b110000 | |
| 105 | @ay z 000yy | |
| 106 | @ar | |
| 200 | 1 | @a地球化学@Adi qiu hua xue@f张宏飞著 |
| 210 | @a北京@c地质出版社@d2012 | |
| 215 | @a410页@c图@d26cm | |
| 606 | @a地球化学@Adi qiu hua xue@x高等学校@x教材 | |
| 690 | @aP59@v4 | |
| 701 | 0 | @a张宏飞@AZhang Hongfei@4著 |
| 801 | 0 | @aCN@b北京卓展@c20191020 |
| 905 | @b1205800-3@dP59@e146@f4 | |
| 地球化学/张宏飞著.-北京:地质出版社,2012 |
| 410页:图;26cm |
| ISBN 978-7-116-07710-2:CNY39.00 |
| ● |
| 相关链接 |
|
|
|
|
正题名:地球化学
索取号:P59/146
 
预约/预借
| 序号 | 登录号 | 条形码 | 馆藏地/架位号 | 状态 | 备注 |
| 1 | 1205800 | 212058002 | 第二样本阅览室/ [索取号:P59/146] | 在馆 | |
| 2 | 1205801 | 212058011 | 第三借阅区/ [索取号:P59/146] | 在馆 | |
| 3 | 1205802 | 212058020 | 第三借阅区/ [索取号:P59/146] | 在馆 | |
| 4 | 1205803 | 212058039 | 第三借阅区/ [索取号:P59/146] | 在馆 |